00735nam a2200217Ia 4500003000900000008004100009040001300050040001300063041000800076100003200084245005500116250001200171260000800183260000900191300001000200490000600210600007800216942000700294999001700301952019900318IT-RoPAU120407s9999 xx 000 0 und d aIT-RoPAU cIT-RoPAU aita aAlberto Salvatore Panimolle aLettura pastorale del Vangelo di Giovanni. 2a ed.  aBologna aEDB c1984 c24 cm v1 a"1° v. Gv 1,1 - 4,54. 2° v. Gv 5,1 - 10,42 3° v. Gv 11,1 -21,25 " cBK c21176d21176 00102ddc406226_73000000000000071aPAULUSbPAULUSd2012-04-11l0o226.73r2012-04-11 00:00:00w2012-04-11yBKzInserito da: Mario In data: 19 settembre 2011 fondo: Via A.Severo 56 Progr:24487